Entry Personal Name
Number of records used in: 2
001 - CONTROL NUMBER
003 - CONTROL NUMBER IDENTIFIER
005 - DATE AND TIME OF LATEST TRANSACTION
- control field:
20250524144910.0
008 - FIXED-LENGTH DATA ELEMENTS
- fixed length control field:
171122n| azannaabn |a aaa
010 ## - LIBRARY OF CONGRESS CONTROL NUMBER
- LC control number:
n 2017245831
035 ## - SYSTEM CONTROL NUMBER
- System control number:
(OCoLC)oca11079813
040 ## - CATALOGING SOURCE
- Original cataloging agency:
DLC
- Language of cataloging:
eng
- Description conventions:
rda
- Transcribing agency:
DLC
- Modifying agency:
OCoLC
100 1# - HEADING--PERSONAL NAME
- Personal name:
Venkatraman, Venkat
370 ## - ASSOCIATED PLACE
- Associated country:
United States
- Place of residence/headquarters:
Boston (Mass.)
- Source of term:
naf
372 ## - FIELD OF ACTIVITY
- Field of activity:
Business ethics
- Source of term:
lcsh
373 ## - ASSOCIATED GROUP
- Associated group:
Boston University. Questrom School of Business
374 ## - OCCUPATION
- Occupation:
Business teachers
- Source of term:
lcsh
375 ## - GENDER
377 ## - ASSOCIATED LANGUAGE
400 0# - SEE FROM TRACING--PERSONAL NAME
- Personal name:
Venkat Venkatraman
670 ## - SOURCE DATA FOUND
- Source citation:
The digital matrix, 2017:
- Information found:
t.p. (Venkat Venkatraman; David J. McGrath Jr. professor of Management at Questrom School of Business, Boston University; lives in Boston, Massachusetts)